Škôlkari si upevňovali zdravie v jesennej prírode

Bibliographic Details
Corporate Author: Materská škola (Čučma, Slovensko) (Author)
Format: Article
Language:Slovak
PhysicalDescription:1 foto
Subjects:

MARC

LEADER 00000nab a2200000 a 4500
001 vtls001009549
003 SK-MaSNL
005 20260304170006.0
008 040720e20011105xo 0 slo
035 |a RV10149 
040 |a RVGKPD  |b slo  |c RVGKPD  |e AACR2 
041 0 |a slo 
044 |a xo  |c SK 
080 |a 373.24  |2 1981 
245 0 0 |a Škôlkari si upevňovali zdravie v jesennej prírode 
300 |b 1 foto 
500 |a činnosť 
610 2 7 |a Materská škola (Čučma, Slovensko)  |2 RVGKPD 
650 0 7 |a materské školy  |2 RVGKPD  |9 1278 
651 7 |a Čučma (Slovensko)  |2 RVGKPD  |9 168850 
655 7 |a periodikum  |2 snkbucl  |9 29553 
710 2 |a Materská škola (Čučma, Slovensko)  |4 aut 
773 0 8 |t Gemerský denník  |g Roč. 3, č.254, 5.11.2001, s. 2 
852 |a ZVYKNI  |b KIS3GCP 
999 |c 2986554  |d 2988484